|
|
|
|
| LEADER |
00000nas a2200000 i 4500 |
| 001 |
ssj0000492819 |
| 003 |
WaSeSS |
| 005 |
20200512172242.0 |
| 006 |
m d |
| 007 |
cr n |
| 008 |
130315c19979999sa ar s 0 0eng c |
| 010 |
|
|
|a 2013222389
|
| 022 |
|
|
|a 2077-4907
|l 2077-4907
|
| 035 |
|
|
|a (WaSeSS)ssj0000492819
|
| 040 |
|
|
|a HNK
|b eng
|c HNK
|d OCLCO
|d CLU
|d OCLCF
|d OCLCO
|d OCL
|d OCLCO
|d OCLCQ
|d OCLCA
|d NTG
|d WaSeSS
|
| 042 |
|
|
|a pcc
|
| 043 |
|
|
|a f-sa---
|a f------
|
| 050 |
1 |
4 |
|a KTL2460.A15
|
| 210 |
0 |
|
|a Law democr. dev.
|b (Online)
|
| 222 |
|
0 |
|a Law, democracy & development
|b (Online)
|
| 245 |
0 |
0 |
|a Law, democracy & development
|h [electronic resource].
|
| 246 |
1 |
|
|a Law, democracy and development
|
| 246 |
1 |
|
|a LDD
|
| 246 |
1 |
|
|a Law, development & democracy
|
| 246 |
1 |
|
|a Law, democracy & dev
|
| 260 |
|
|
|a Bellville, South Africa :
|b Faculty of Law, University of the Western Cape,
|c [1997]-
|
| 310 |
|
|
|a Annual,
|b 2010-
|
| 321 |
|
|
|a 2 no. a year,
|b 1997-2009
|
| 362 |
1 |
|
|a Began with Volume 1 (1) (1997).
|
| 506 |
|
|
|a License restrictions may limit access.
|
| 588 |
|
|
|a Description based on: Volume 1 (1) (1997); title from journal home page (publisher's Web site, viewed on June 11, 2013).
|
| 588 |
|
|
|a Latest issue consulted: Volume 17 (2013) (viewed on June 11, 2013).
|
| 650 |
|
0 |
|a Law and economic development
|v Periodicals.
|
| 650 |
|
0 |
|a Democratization
|z South Africa
|v Periodicals.
|
| 650 |
|
0 |
|a Democratization
|z Africa
|v Periodicals.
|
| 650 |
|
7 |
|a Democratization.
|2 fast
|0 (OCoLC)fst00890123
|
| 650 |
|
7 |
|a Law and economic development.
|2 fast
|0 (OCoLC)fst00993898
|
| 650 |
|
7 |
|a Politics and government
|2 fast
|0 (OCoLC)fst01919741
|
| 651 |
|
0 |
|a South Africa
|x Politics and government
|v Periodicals.
|
| 651 |
|
0 |
|a Africa
|x Politics and government
|v Periodicals.
|
| 651 |
|
7 |
|a Africa.
|2 fast
|0 (OCoLC)fst01239509
|
| 651 |
|
7 |
|a South Africa.
|2 fast
|0 (OCoLC)fst01204616
|
| 655 |
|
0 |
|a Electronic journals.
|
| 776 |
0 |
8 |
|i Print version:
|t Law, democracy & development
|w (DLC) 2001234768
|w (OCoLC)39614546
|
| 856 |
4 |
0 |
|z Full text available from Research Library: 01/01/1997 to present
|u https://search.proquest.com/publication/1766366
|